Podniková kultúra ako faktor efektívnosti moderného manažmentu podniku bakalárska práca

Enregistré dans:
Détails bibliographiques
Auteur principal: Onoiko, Sofiia
Collectivité auteur: Fakulta podnikového manažmentu EU. Katedra manažmentu
Autres auteurs: Novysedlák, Martin, 1991-
Format: Livre
Langue:slovaque
Publié: Bratislava 2025
Tags: Ajouter un tag
Pas de tags, Soyez le premier à ajouter un tag!

MARC

LEADER 00000nbm a2200000 4500
001 0309727
005 20251212134353.1
041 0 |a slo 
044 |a SK 
245 1 0 |a Podniková kultúra ako faktor efektívnosti moderného manažmentu podniku  |b bakalárska práca  |c Sofiia Onoiko ; školiteľ: Martin Novysedlák 
264 1 |a Bratislava  |c 2025 
300 |a 51 s. 
100 1 |a Onoiko, Sofiia 
700 1 |a Novysedlák, Martin, 1991- 
710 2 |a Fakulta podnikového manažmentu EU. Katedra manažmentu